00234nam a22000977a 4500040000900000082001500009100003900024245001800063260003700081650001800118 cNUST a297.7bASH aMaulana Muhammad Ashraf Ali Thanvi aDeen-u-Duniya aLahore:bJamiya Ashrafia,c1995. 2Deen-u-Duniya